Business : (Record no. 20737)
[ view plain ]
| 000 -LEADER | |
|---|---|
| fixed length control field | 01960cam a22003015a 4500 |
| 001 - CONTROL NUMBER | |
| control field | 0000661322 |
| 003 - CONTROL NUMBER IDENTIFIER | |
| control field | OSt |
| 005 - DATE AND TIME OF LATEST TRANSACTION | |
| control field | 20151214131620.0 |
| 008 - FIXED-LENGTH DATA ELEMENTS--GENERAL INFORMATION | |
| fixed length control field | 100925s2011 enka frbdf 001 0 eng d |
| 020 ## - INTERNATIONAL STANDARD BOOK NUMBER | |
| International Standard Book Number | 9781408128114 |
| 040 ## - CATALOGING SOURCE | |
| Original cataloging agency | BIP US |
| Language of cataloging | eng |
| Modifying agency | WaSeSS |
| -- | EG-ScBUE |
| -- | EG-ScBUE |
| 082 04 - DEWEY DECIMAL CLASSIFICATION NUMBER | |
| Classification number | 650 |
| Item number | BUS |
| Edition number | 22 |
| 245 10 - TITLE STATEMENT | |
| Title | Business : |
| Remainder of title | the ultimate resource. |
| 250 ## - EDITION STATEMENT | |
| Edition statement | 3rd rev. ed. |
| 260 ## - PUBLICATION, DISTRIBUTION, ETC. (IMPRINT) | |
| Place of publication, distribution, etc | London : |
| Name of publisher, distributor, etc | A & C Black Publishers Limited, |
| Date of publication, distribution, etc | 2011. |
| 300 ## - PHYSICAL DESCRIPTION | |
| Extent | xxiv, 1760 p. : |
| Other physical details | ill. ; |
| Dimensions | 28 cm. |
| 500 ## - GENERAL NOTE | |
| General note | "A rich treasury of informaion Harvard business review." -- cover page. |
| 500 ## - GENERAL NOTE | |
| General note | "A useful powerful tool." management today -- cover page. |
| 500 ## - GENERAL NOTE | |
| General note | "The only guide to business you'll ever need." -- cover page. |
| 500 ## - GENERAL NOTE | |
| General note | Index : p. 1589-1606. |
| 500 ## - GENERAL NOTE | |
| General note | Glossary : p. 1301-1585. |
| 504 ## - BIBLIOGRAPHY, ETC. NOTE | |
| Bibliography, etc | Includes bibliographical references. |
| 520 ## - SUMMARY, ETC. | |
| Summary, etc | An international bestseller, BUSINESS: The Ultimate Resourceis a one-stop reference and interactive tool covering all aspects of today's world of work.Unique, authoritative, and wide-ranging, it offers practical and strategic advice for anyone doing business today. Written with a team of world-class writers and editors, it is an essential desk reference for managers, MBA and business students and for small business owners worldwide.Fully updated and revised for this new edition, BUSINESSfeatures:Best Practice: over 170 essays from a stellar cast of business thought leadersChecklists and actionlists: more than 200 practical solutions to everyday business challengesManagement Library: time-saving digests of more than 100 of the world's best business booksDictionary: jargon-free definitions of more than 7,000 termsGiants and Thinkers: revised biographies of over 100 of the world's most influential gurus and pioneers |
| 650 #0 - SUBJECT ADDED ENTRY--TOPICAL TERM | |
| Topical term or geographic name as entry element | Management |
| Form subdivision | Handbooks, manuals, etc. |
| Source of heading or term | BUEsh |
| 651 ## - SUBJECT ADDED ENTRY--GEOGRAPHIC NAME | |
| Source of heading or term | BUEsh |
| 653 ## - INDEX TERM--UNCONTROLLED | |
| Resource For college | BAEPS, Business Administration |
| Arrived date list | August2015 |
| -- | December2015 |
| 942 ## - ADDED ENTRY ELEMENTS (KOHA) | |
| Source of classification or shelving scheme | Dewey Decimal Classification |
| Call number prefix | 650 BUS |
| Withdrawn status | Lost status | Source of classification or shelving scheme | Damaged status | Not for loan | Koha collection | Home library | Current library | Shelving location | Date acquired | Source of acquisition | Cost, normal purchase price | Serial Enumeration / chronology | Total Checkouts | Full call number | Barcode | Date last seen | Cost, replacement price | Koha item type |
|---|---|---|---|---|---|---|---|---|---|---|---|---|---|---|---|---|---|---|
| Dewey Decimal Classification | Baccah | Central Library | Central Library | Ground Floor | 30/08/2015 | Purchase | 484.00 | 23317 | 650 BUS | 000039745 | 05/04/2026 | 605.00 | Reference (NB) |